[Event "Mittelfrankenliga-B2a 0607"]
[Site "Mittelfranken"]
[Date "2007.01.28"]
[Round "5.6"]
[White "Reincke, Peter Uwe"]
[Black "Zach, Andreas1"]
[Result "0-1"]
[WhiteElo "1756"]
[BlackElo "1814"]
[PlyCount "54"]
[EventDate "2006.10.22"]
[EventType "team-tourn"]
[EventRounds "9"]
[EventCountry "GER"]
[SourceTitle "EXT 2011"]
[Source "ChessBase"]
[SourceDate "2010.11.26"]
[SourceVersion "1"]
[SourceVersionDate "2010.11.26"]
[SourceQuality "1"]
[WhiteTeam "Erlangen BSGW"]
[BlackTeam "Lauf"]
[WhiteTeamCountry "GER"]
[BlackTeamCountry "GER"]

1. c4 e5 2. g3 Nf6 3. Bg2 c6 4. e3 Be7 5. Ne2 d5 6. b3 Be6 7. Qc2 0-0 8. Bb2 Nbd7 9. 0-0 Rc8 10. f4 Bg4 11. d3 Bxe2 12. Qxe2 exf4 13. Rxf4 dxc4 14. bxc4 Bd6 15. Rf2 Qe7 16. Nd2 Rfe8 17. Re1 Rcd8 18. Bh3 Bb4 19. e4 Ne5 20. Bxe5 Qxe5 21. Rf3 Qc3 22. Rd1 Qd4+ 23. Kh1 Bxd2 24. Rxd2 Nxe4 25. Rf4 Nxg3+ 26. hxg3 Rxe2 27. Rxd4 Re1+ 0-1

[Event "Mittelfrankenliga-B2a 0607"]
[Site "Mittelfranken"]
[Date "2006.11.12"]
[Round "2.6"]
[White "Staehle, Philipp"]
[Black "Reincke, Peter Uwe"]
[Result "1/2-1/2"]
[WhiteElo "1760"]
[BlackElo "1756"]
[PlyCount "82"]
[EventDate "2006.10.22"]
[EventType "team-tourn"]
[EventRounds "9"]
[EventCountry "GER"]
[SourceTitle "EXT 2011"]
[Source "ChessBase"]
[SourceDate "2010.11.26"]
[SourceVersion "1"]
[SourceVersionDate "2010.11.26"]
[SourceQuality "1"]
[WhiteTeam "Erlangen SC II"]
[BlackTeam "Erlangen BSGW"]
[WhiteTeamCountry "GER"]
[BlackTeamCountry "GER"]

1. e4 c5 2. Nf3 Nc6 3. d4 cxd4 4. Nxd4 Qb6 5. Nxc6 bxc6 6. Bd3 g6 7. 0-0 Bg7 8. c3 d6 9. Nd2 Nf6 10. h3 0-0 11. Kh1 d5 12. f4 Nh5 13. Rf3 e5 14. fxe5 Bxe5 15. Nf1 dxe4 16. Bxe4 Ba6 17. Bd3 Rad8 18. Qe2 Bxd3 19. Qxe5 Rfe8 20. Qg5 Rd5 21. Qh4 Be2 22. Rf2 Rd1 23. g4 Ng7 24. Bh6 Qd8 25. Qxd8 Rdxd8 26. Ng3 Bd3 27. Kg2 Rd5 28. b3 f5 29. c4 Rde5 30. Rd1 Be4+ 31. Nxe4 fxe4 32. Rd7 R8e7 33. Rxe7 Rxe7 34. Bxg7 Kxg7 35. Kf1 a5 36. Ke2 a4 37. Ke3 axb3 38. axb3 h5 39. gxh5 gxh5 40. Kd4 Kg6 41. h4 Rb7 1/2-1/2

[Event "Mittelfrankenliga-B2b 0506"]
[Site "Germany"]
[Date "2006.04.30"]
[Round "9.6"]
[White "Reichert, Romuald"]
[Black "Reincke, Peter Uwe"]
[Result "1/2-1/2"]
[WhiteElo "1747"]
[BlackElo "1759"]
[PlyCount "39"]
[EventDate "2005.10.16"]
[EventType "team-tourn"]
[EventRounds "9"]
[EventCountry "GER"]
[SourceTitle "EXT 2007"]
[Source "ChessBase"]
[SourceDate "2006.11.23"]
[SourceVersion "1"]
[SourceVersionDate "2006.11.23"]
[SourceQuality "1"]

1. d4 b6 2. e4 Bb7 3. Nc3 e6 4. Nf3 g6 5. Bd3 Bg7 6. Bg5 Ne7 7. Qd2 h6 8. Be3 d5 9. 0-0-0 Nd7 10. Kb1 a6 11. exd5 Nxd5 12. Nxd5 Bxd5 13. Ne1 Nf6 14. f3 Qd7 15. c4 Bb7 16. Nc2 b5 17. Rhe1 bxc4 18. Bxc4 Bd5 19. Bxd5 Nxd5 20. Qa5 1/2-1/2

[Event "Mittelfrankenliga-B2b 0506"]
[Site "Germany"]
[Date "2006.01.29"]
[Round "5.8"]
[White "Reincke, Peter Uwe"]
[Black "Uhlendorff, Daniel"]
[Result "1-0"]
[WhiteElo "1759"]
[BlackElo "1697"]
[PlyCount "73"]
[EventDate "2005.10.16"]
[EventType "team-tourn"]
[EventRounds "9"]
[EventCountry "GER"]
[SourceTitle "EXT 2007"]
[Source "ChessBase"]
[SourceDate "2006.11.23"]
[SourceVersion "1"]
[SourceVersionDate "2006.11.23"]
[SourceQuality "1"]

1. c4 e5 2. Nc3 Nf6 3. Nf3 Nc6 4. e3 d6 5. d4 exd4 6. exd4 Bf5 7. Be2 Be7 8. d5 Ne5 9. Nxe5 dxe5 10. 0-0 0-0 11. b3 Bc5 12. Bb2 Bd4 13. Qd2 c5 14. Na4 Ne4 15. Qc1 b6 16. Bxd4 exd4 17. Bd3 Qh4 18. Qc2 Bg6 19. g3 Qe7 20. Rfe1 f5 21. f3 Qf6 22. fxe4 fxe4 23. Bxe4 Bxe4 24. Rxe4 d3 25. Qd1 Qf2+ 26. Kh1 Rae8 27. Qxd3 Qf5 28. Rae1 Re7 29. Nc3 Rfe8 30. d6 Rxe4 31. Nxe4 Rd8 32. Rf1 Qh3 33. Qd5+ Kh8 34. Qf5 Qxf5 35. Rxf5 g6 36. Rf7 Kg8 37. Rxa7 1-0

[Event "Mittelfrankenliga-B2b 0506"]
[Site "Germany"]
[Date "2005.11.20"]
[Round "2.7"]
[White "Reincke, Peter Uwe"]
[Black "Kurz, Christian"]
[Result "0-1"]
[WhiteElo "1679"]
[BlackElo "1759"]
[PlyCount "92"]
[EventDate "2005.10.16"]
[EventType "team-tourn"]
[EventRounds "9"]
[EventCountry "GER"]
[SourceTitle "EXT 2007"]
[Source "ChessBase"]
[SourceDate "2006.11.23"]
[SourceVersion "1"]
[SourceVersionDate "2006.11.23"]
[SourceQuality "1"]

1. c4 Nf6 2. Nc3 g6 3. d4 Bg7 4. e4 d6 5. f4 0-0 6. Nf3 c5 7. d5 e6 8. Bd3 exd5 9. cxd5 Bg4 10. 0-0 Re8 11. Qc2 Nbd7 12. Bd2 a6 13. a4 Qc7 14. h3 Bxf3 15. Rxf3 c4 16. Be2 b5 17. axb5 axb5 18. Rxa8 Rxa8 19. Kh2 Qb7 20. Nd1 Nc5 21. Nf2 Re8 22. Re3 Qb6 23. Bf3 Nb3 24. Ng4 Qd4 25. Nxf6+ Bxf6 26. Bc1 Nxc1 27. Qxc1 Qxb2 28. Qe1 Qd4 29. Ra3 Qc5 30. Ra6 Bg7 31. Qb1 Rb8 32. Rc6 Qe3 33. Rxc4 Qxf4+ 34. Kh1 Be5 35. Kg1 Ra8 36. Rc1 Ra1 37. Qxa1 Bxa1 38. Rxa1 Qe3+ 39. Kh1 b4 40. Rb1 Qc3 41. Bd1 Kg7 42. Bb3 Qd3 43. Rb2 h5 44. Ba2 Qa3 45. Rf2 b3 46. Bb1 Qc1+ 0-1

[Event "Mittelfranken-chT 0405"]
[Site "Germany"]
[Date "2004.12.19"]
[Round "4.7"]
[White "Reincke, Peter Uwe"]
[Black "Feist, Rainer"]
[Result "1-0"]
[WhiteElo "1750"]
[BlackElo "1749"]
[PlyCount "85"]
[EventDate "2004.10.17"]
[EventType "team-tourn"]
[EventRounds "9"]
[EventCountry "GER"]
[SourceTitle "EXT 2007"]
[Source "ChessBase"]
[SourceDate "2006.11.23"]
[SourceVersion "1"]
[SourceVersionDate "2006.11.23"]
[SourceQuality "1"]

1. c4 e5 2. Nc3 Nf6 3. g3 g6 4. Bg2 Bg7 5. e3 0-0 6. Nge2 d6 7. 0-0 h6 8. f4 a5 9. b3 Nc6 10. Rb1 Re8 11. e4 Nd4 12. d3 Bg4 13. h3 Nxe2+ 14. Nxe2 Bd7 15. Be3 Bc6 16. Qd2 Kh7 17. Rf2 Qe7 18. Rbf1 Nd7 19. fxe5 Rf8 20. exd6 cxd6 21. Kh2 b6 22. Rf4 Be5 23. R4f2 Bg7 24. Nc3 Rae8 25. Ne2 f5 26. Nc3 Bxc3 27. Qxc3 fxe4 28. Rxf8 Rxf8 29. Rxf8 Qxf8 30. dxe4 Qe7 31. Qd4 Nc5 32. Bc1 Qe5 33. Qd2 g5 34. Bb2 Nxe4 35. Bxe5 Nxd2 36. Bxd6 Bxg2 37. Kxg2 Ne4 38. Bc7 Nc3 39. Bxb6 Nxa2 40. Bxa5 Kg6 41. Bd2 Kf5 42. b4 Ke4 43. b5 1-0